000
00360nam a2200157Ia 4500
008
200601s9999 xx 000 0 und d
020
_a
978-0-446-61815-1
050
_a
FIC Sp2t
050
_b
2005
100
_a
Sparks, Nicholas
245
0
_a
True Believer
260
_a
New York:
260
_b
Hachette Books
260
_c
2005
300
_a
465 pages :
999
_c
363445
_d
363445